[Event "SVM-Meisterschaft"]
[Site "Oberaussem"]
[Date "1999.05.27"]
[Round "4"]
[White "Ljuboschitz Alexander"]
[Black "Telke Holger"]
[Result "0-1"]
[WhiteElo "2125"]
[BlackElo "2050"]
[PlyCount "76"]

1. e4 e6 2. d4 d5 3. Nc3 dxe4 4. Nxe4 Nd7 5. Nf3 Ngf6 6. Nxf6+ Nxf6 7. Bd3 c5
8. O-O Qc7 9. c3 cxd4 10. cxd4 Bd6 11. Re1 O-O 12. Ne5 Nd5 13. Qh5 f5 14. a3
Bxe5 15. dxe5 b6 16. Bd2 Bb7 17. Rac1 Qd7 18. Qe2 Rac8 19. Bb5 Qf7 20. Ba6 Rxc1
21. Rxc1 Ba8 22. Bb5 f4 23. f3 Rd8 24. Bd3 Qd7 25. Be4 g5 26. Rc2 Ne3 27. Bxe3
Bxe4 28. fxe4 fxe3 29. h3 Qd4 30. Rc1 Qxe4 31. Qh5 Qxe5 32. h4 e2 33. Re1 Qe3+
34. Kh1 Rd1 35. Qe8+ Kg7 36. Qe7+ Kg6 37. h5+ Kxh5 38. Qxh7+ Kg4 0-1

[Event "SVM-Meisterschaft"]
[Site "Oberaussem"]
[Date "1999.05.27"]
[Round "4"]
[White "Schulz Wilhelm"]
[Black "Fuhs Juergen"]
[Result "0-1"]
[WhiteElo "2070"]
[BlackElo "2020"]
[PlyCount "110"]

1. e4 c5 2. c3 d5 3. exd5 Qxd5 4. d4 Nf6 5. Nf3 Nc6 6. Be2 cxd4 7. cxd4 Bg4 8.
Nc3 Qa5 9. O-O e6 10. a3 Be7 11. Be3 O-O 12. b4 Qd8 13. Rc1 a6 14. Na4 Nd5 15.
Nc5 Bxc5 16. Rxc5 Rc8 17. Qc1 Qd7 18. h3 Bh5 19. Rd1 b6 20. Rc2 Bg6 21. Bd3
Bxd3 22. Rxd3 Ncxb4 23. axb4 Rxc2 24. Qxc2 Nxb4 25. Qc4 Nxd3 26. Qxd3 b5 27.
Ng5 f5 28. Bf4 a5 29. Qg3 Re8 30. Be5 b4 31. Qb3 h6 32. Nf3 Rc8 33. Qb2 Qd5 34.
Nd2 Kh7 35. Qb1 b3 36. Qf1 Rc6 37. Qd3 a4 38. h4 Rb6 39. h5 b2 40. Qg3 Qd7 41.
Qd3 Kg8 42. Nb1 Qe8 43. Qd1 Qc6 44. Kh2 Kh8 45. f3 Rb3 46. Qe1 Qe8 47. Qa5
Qxh5+ 48. Kg1 a3 49. Qa4 Rd3 50. Qc2 a2 51. Qxd3 a1=Q 52. d5 Qh4 53. g3 Qb4 54.
Kf2 Qc5+ 55. Kg2 Qxd5 0-1

[Event "SVM-Meisterschaft"]
[Site "Oberaussem"]
[Date "1999.05.27"]
[Round "4"]
[White "Raupach Gregor"]
[Black "Eichhorn Andreas"]
[Result "0-1"]
[WhiteElo "1920"]
[BlackElo "2145"]
[PlyCount "80"]

1. d4 Nf6 2. c4 e6 3. Nc3 d5 4. Bg5 Be7 5. e3 O-O 6. Rc1 Nbd7 7. Qc2 a6 8. a3
h6 9. Bf4 dxc4 10. Bxc4 b5 11. Ba2 c5 12. dxc5 Nxc5 13. Rd1 Qb6 14. Nge2 Bb7
15. Nd4 Rac8 16. Qe2 Ncd7 17. O-O Bxa3 18. Nf3 Be7 19. e4 b4 20. e5 bxc3 21.
exf6 Nxf6 22. bxc3 Rxc3 23. Nd4 Bd5 24. Qd2 Ne4 25. Qe2 Bxa2 26. Qxa2 Bf6 27.
Ne2 Rb3 28. Qc2 Nc3 29. Rd6 Qb5 30. Nxc3 Rxc3 31. Qa2 Ra8 32. Be3 Qc4 33. Qb1
a5 34. Rfd1 Rb3 35. Qa2 a4 36. R6d2 a3 37. Bd4 Bg5 38. f4 Bxf4 39. Rc2 Qd5 40.
Qa1 Rd8 0-1

[Event "SVM-Meisterschaft"]
[Site "Oberaussem"]
[Date "1999.05.27"]
[Round "4"]
[White "Gorzan Ramin"]
[Black "Scharff Klaus"]
[Result "1-0"]
[WhiteElo "1975"]
[BlackElo "1970"]
[PlyCount "153"]

1. d4 Nf6 2. Nf3 g6 3. Bg5 Bg7 4. Nbd2 h6 5. Bh4 d6 6. e4 O-O 7. Bd3 Nbd7 8.
O-O Nh7 9. h3 g5 10. Bg3 e5 11. c3 Re8 12. Re1 h5 13. dxe5 dxe5 14. Nc4 Qf6 15.
Ne3 c6 16. Nh2 Nc5 17. Bc2 Qg6 18. f3 Ne6 19. Nf5 Nf4 20. Bf2 Bf8 21. Nf1 Nf6
22. N1e3 Bc5 23. Nc4 Bxf2+ 24. Kxf2 Kh7 25. Qd6 Re6 26. Qc7 Ne8 27. Qd8 b5 28.
Nce3 Bb7 29. Qd7 Rb8 30. Ne7 Qf6 31. N3f5 Ng6 32. Rad1 Nxe7 33. Bb3 Nxf5 34.
Bxe6 Nfg7 35. Bxf7 Bc8 36. Qxa7 Rb7 37. Qa8 Rxf7 38. Qxc8 g4 39. hxg4 Qh4+ 40.
Ke2 Qg3 41. Rf1 Nf6 42. gxh5 Nxe4 43. Qxc6 Qxg2+ 44. Ke1 Qg3+ 45. Ke2 Qh2+ 46.
Ke1 Qh4+ 47. Ke2 Ng3+ 48. Kd3 N7xh5 49. Rfe1 Qa4 50. Kd2 Qxa2 51. Qxb5 Rxf3 52.
Rxe5 Rf2+ 53. Ke1 Rf1+ 54. Kd2 Rxd1+ 55. Kxd1 Qb1+ 56. Kd2 Nf1+ 57. Ke2 Nhg3+
58. Kf2 Qc2+ 59. Re2 Nxe2 60. Qxe2 Qxe2+ 61. Kxe2 Ng3+ 62. Kf3 Nf5 63. Ke4 Ne7
64. Ke5 Kg7 65. Ke6 Kf8 66. Kd7 Ng6 67. b4 Ne5+ 68. Kc7 Ke7 69. b5 Ke6 70. b6
Nd7 71. c4 Nc5 72. Kc6 Na6 73. c5 Ke7 74. b7 Nb8+ 75. Kc7 Na6+ 76. Kc8 Ke6 77.
c6 1-0

[Event "SVM-Meisterschaft"]
[Site "Oberaussem"]
[Date "1999.05.27"]
[Round "4"]
[White "Boutko Dimitri"]
[Black "Vossen Peter"]
[Result "1/2-1/2"]
[WhiteElo "2025"]
[BlackElo "2000"]
[PlyCount "83"]

1. e4 c5 2. Nf3 e6 3. d4 cxd4 4. Nxd4 Nf6 5. Nc3 Nc6 6. Ndb5 Bb4 7. Nd6+ Ke7 8.
Bf4 e5 9. Nxc8+ Rxc8 10. Bg5 Nd4 11. Bd2 Re8 12. Bd3 Kf8 13. O-O d5 14. exd5
Nxd5 15. Nxd5 Bxd2 16. Ne3 Ba5 17. c3 Ne6 18. Bb5 Qxd1 19. Rfxd1 Red8 20. Bd7
Rb8 21. b4 Bb6 22. Nc4 Nf4 23. Rd2 Bc7 24. a4 f6 25. Rad1 Ke7 26. Kf1 Ne6 27.
Ne3 g6 28. Bb5 Rxd2 29. Rxd2 Rd8 30. Nd5+ Kf7 31. Bc4 Bb8 32. Ke2 Kg7 33. g3
Nc7 34. a5 Nxd5 35. Bxd5 b6 36. a6 Kf8 37. c4 Bd6 38. Rb2 Ke7 39. Ke3 Rc8 40.
Kd3 f5 41. f3 Kf6 42. Kc2 1/2-1/2

[Event "SVM-Meisterschaft"]
[Site "Oberaussem"]
[Date "1999.05.28"]
[Round "5"]
[White "Telke Holger"]
[Black "Koehler Markus"]
[Result "1-0"]
[WhiteElo "2050"]
[BlackElo "2040"]
[PlyCount "109"]

1. d4 Nf6 2. Nf3 g6 3. Bg5 Bg7 4. Nbd2 O-O 5. e4 d5 6. Bxf6 exf6 7. exd5 Re8+
8. Be2 Qe7 9. Kf1 Bf5 10. c4 g5 11. Nb3 Nd7 12. Bd3 Be4 13. Qd2 f5 14. Ne1 Nf6
15. f3 Bxd3+ 16. Nxd3 Nh5 17. Re1 Qf6 18. Rxe8+ Rxe8 19. Ne5 g4 20. Nc5 Bh6 21.
Qe2 Qg5 22. g3 b6 23. Ncd3 f6 24. f4 Qg7 25. Qc2 fxe5 26. dxe5 Qe7 27. Kf2 Bf8
28. b4 Nf6 29. exf6 Qe3+ 30. Kf1 Qf3+ 31. Nf2 Bxb4 32. f7+ Kxf7 33. Qxf5+ Ke7
34. Qxg4 Qxg4 35. Nxg4 Kd6 36. Kf2 Re4 37. Rc1 h5 38. Nf6 Rd4 39. Ke3 Bc5 40.
Ne4+ Kd7 41. Nxc5+ bxc5 42. h3 Ke7 43. g4 hxg4 44. hxg4 Kd6 45. Rc2 Ke7 46. g5
Kf7 47. Kf3 Kg6 48. Re2 Rxc4 49. Re6+ Kf7 50. Rc6 Ra4 51. Rxc7+ Kf8 52. g6 Rxa2
53. g7+ Kg8 54. d6 Rd2 55. d7 1-0

[Event "SVM-Meisterschaft"]
[Site "Oberaussem"]
[Date "1999.05.28"]
[Round "5"]
[White "Eichhorn Andreas"]
[Black "Mueller Dieter"]
[Result "1-0"]
[WhiteElo "2145"]
[BlackElo "2080"]
[PlyCount "83"]

1. d4 d5 2. c4 e6 3. Nc3 f5 4. Nf3 Nf6 5. g3 c6 6. Bg2 Bd6 7. O-O O-O 8. Bf4
Bxf4 9. gxf4 dxc4 10. Ne5 Nd5 11. e3 b5 12. a4 b4 13. Nb1 Ba6 14. Re1 Nd7 15.
Nxc6 Qh4 16. Nd2 N7f6 17. Nf3 Qh6 18. Rc1 Ne4 19. Nd2 Nd6 20. Ne5 c3 21. bxc3
Nxc3 22. Qf3 Rac8 23. Nb3 Bb7 24. Qh3 Qxh3 25. Bxh3 Bd5 26. Nc5 Nde4 27. Ned3
a5 28. Bg2 Rf6 29. f3 Nd2 30. Kf2 Rh6 31. h3 Nb3 32. Nxb3 Bxb3 33. Nc5 Bd5 34.
Bf1 Rf6 35. Bd3 g6 36. e4 fxe4 37. fxe4 Bc6 38. Nxe6 Bxa4 39. Nc5 Rxf4+ 40. Ke3
Rcf8 41. Bc4+ Kg7 42. Ne6+ 1-0

[Event "SVM-Meisterschaft"]
[Site "Oberaussem"]
[Date "1999.05.28"]
[Round "5"]
[White "Tochtenhagen Wolfgang"]
[Black "Fuhs Juergen"]
[Result "1/2-1/2"]
[WhiteElo "2085"]
[BlackElo "2020"]
[PlyCount "32"]

1. e4 c5 2. Nc3 Nc6 3. g3 g6 4. Bg2 Bg7 5. d3 e6 6. Be3 d6 7. Qd2 Nge7 8. Bh6
O-O 9. Nge2 Nd4 10. Bxg7 Kxg7 11. Nxd4 cxd4 12. Ne2 Nc6 13. c3 Qf6 14. cxd4
Nxd4 15. Nxd4 Qxd4 16. Qc3 Qxc3+ 1/2-1/2

[Event "SVM-Meisterschaft"]
[Site "Oberaussem"]
[Date "1999.05.28"]
[Round "5"]
[White "Schulz Wilhelm"]
[Black "Scharff Klaus"]
[Result "1-0"]
[WhiteElo "2070"]
[BlackElo "1970"]
[PlyCount "52"]

1. e4 e6 2. d4 d5 3. Nd2 Nf6 4. e5 Nfd7 5. Bd3 c5 6. c3 Nc6 7. Ne2 b6 8. O-O
cxd4 9. cxd4 Nb4 10. Bb1 Ba6 11. Nb3 Rc8 12. a3 Nc6 13. Re1 g6 14. Be3 Ne7 15.
Ng3 Nf5 16. Nxf5 gxf5 17. Qh5 Be7 18. Bxf5 Nf8 19. Bh3 Rc2 20. Qd1 Rc7 21. Rc1
Rxc1 22. Nxc1 h5 23. Qa4+ Nd7 24. Qxa6 Rg8 25. Qe2 h4 26. Nd3 Bg5 1-0

[Event "SVM-Meisterschaft"]
[Site "Oberaussem"]
[Date "1999.05.28"]
[Round "5"]
[White "Raupach Gregor"]
[Black "Boutko Dimitri"]
[Result "0-1"]
[WhiteElo "1920"]
[BlackElo "2025"]
[PlyCount "44"]

1. d4 Nf6 2. c4 g6 3. Nc3 Bg7 4. e4 d6 5. f3 O-O 6. Be3 Nbd7 7. Qd2 c5 8. d5
Ne5 9. O-O-O a6 10. g4 Qa5 11. h4 Rb8 12. h5 b5 13. Bh6 b4 14. Nb1 Qxa2 15.
Bxg7 Kxg7 16. hxg6 fxg6 17. Qh6+ Kg8 18. Rd2 Rf7 19. Be2 Nxc4 20. Rc2 Na5 21.
Bc4 Nxc4 22. g5 Ng4 0-1

[Event "SVM-Meisterschaft"]
[Site "Oberaussem"]
[Date "1999.05.28"]
[Round "5"]
[White "Vossen Peter"]
[Black "Ljuboschitz Alexander"]
[Result "0-1"]
[WhiteElo "2000"]
[BlackElo "2125"]
[PlyCount "62"]

1. d4 Nf6 2. c4 g6 3. Nc3 Bg7 4. e4 d6 5. Bg5 h6 6. Be3 Ng4 7. Bc1 e5 8. d5 f5
9. f3 Nf6 10. Be3 fxe4 11. fxe4 O-O 12. Nf3 a5 13. Bd3 Na6 14. O-O Ng4 15. Bd2
Bd7 16. Qe1 Kh7 17. Qg3 Nb4 18. Bb1 Qe8 19. Nb5 Na6 20. Bxa5 Bxb5 21. cxb5 Qxb5
22. Bc3 Nf6 23. Nh4 Qxf1+ 24. Kxf1 Nh5+ 25. Qf3 Rxf3+ 26. gxf3 Rf8 27. Bc2 Rf4
28. Be1 Bf6 29. Ng2 Rxf3+ 30. Kg1 Nf4 31. Bd1 Nh3+ 0-1

[Event "SVM-Meisterschaft"]
[Site "Oberaussem"]
[Date "1999.05.28"]
[Round "5"]
[White "Gikas Basilius"]
[Black "Philipowski Robert"]
[Result "1/2-1/2"]
[WhiteElo "2165"]
[BlackElo "2150"]
[PlyCount "134"]

1. e4 c5 2. Nc3 e6 3. f4 d5 4. Nf3 Nc6 5. Bb5 Nf6 6. e5 Ng8 7. Bxc6+ bxc6 8. d3
h5 9. O-O Nh6 10. b3 Nf5 11. Qe1 c4 12. dxc4 Bc5+ 13. Kh1 h4 14. Ne2 a5 15. g4
hxg3 16. Nxg3 Nd4 17. Qc3 Nxf3 18. Qxf3 Qh4 19. Qg2 g6 20. Bb2 Bb7 21. a3 Be3
22. Bc1 c5 23. Ne4 Bxc1 24. Nd6+ Ke7 25. Raxc1 Bc6 26. Qg5+ Qxg5 27. fxg5 Raf8
28. Rf4 Rh5 29. h4 Rfh8 30. Rxf7+ Kd8 31. Rf4 Rxh4+ 32. Rxh4 Rxh4+ 33. Kg2 d4+
34. Kg3 Rh5 35. Kg4 Rh2 36. Kg3 Rg2+ 37. Kf4 Kd7 38. Ne4 Bxe4 39. Kxe4 Rg4+ 40.
Kf3 Rxg5 41. Kf4 Rf5+ 42. Ke4 Rf2 43. c3 Re2+ 44. Kf4 g5+ 45. Kxg5 Rxe5+ 46.
Kf4 Re3 47. cxd4 cxd4 48. b4 axb4 49. axb4 e5+ 50. Kf5 d3 51. Rh1 d2 52. Rh7+
Kd8 53. Rh8+ Ke7 54. Rh7+ Kf8 55. Rh8+ Kg7 56. Rd8 Re2 57. b5 e4 58. b6 e3 59.
Rd7+ Kg8 60. Kf4 Re1 61. b7 Rb1 62. Kxe3 Rxb7 63. Rxd2 Kf7 64. Rd5 Ke6 65. Kd4
Rb8 66. Re5+ Kd6 67. c5+ Kc7 1/2-1/2

[Event "SVM-Meisterschaft"]
[Site "Oberaussem"]
[Date "1999.05.28"]
[Round "5"]
[White "Hund Gerhard"]
[Black "Gorzan Ramin"]
[Result "1-0"]
[WhiteElo "1980"]
[BlackElo "1975"]
[PlyCount "121"]

1. Nf3 d5 2. d4 c6 3. e3 Bg4 4. h3 Bh5 5. c4 e6 6. Nbd2 f5 7. Qb3 Qb6 8. Ne5
Nf6 9. cxd5 Qxb3 10. Nxb3 exd5 11. f3 Nbd7 12. Nxd7 Kxd7 13. Bd3 Bg6 14. Bd2 b6
15. Kf2 f4 16. Bxg6 fxe3+ 17. Bxe3 hxg6 18. Bf4 Nh5 19. Bh2 Bd6 20. Bxd6 Kxd6
21. g3 Rae8 22. Rae1 Nf6 23. Rxe8 Rxe8 24. Rc1 Re7 25. Rc3 Nh5 26. Nc1 c5 27.
dxc5+ bxc5 28. Ra3 Nf6 29. Nd3 Rb7 30. Ra6+ Rb6 31. Rxb6+ axb6 32. h4 c4 33.
Nf4 d4 34. Nxg6 Nd5 35. a3 b5 36. f4 Nb6 37. f5 Nd5 38. Kf3 d3 39. h5 d2 40.
Ke2 d1=Q+ 41. Kxd1 Ne3+ 42. Kd2 Nxf5 43. g4 Nh6 44. Kc3 Nxg4 45. Kb4 Ne3 46.
Kxb5 Nd1 47. Kxc4 Nxb2+ 48. Kd4 Ke6 49. Ke4 Kf6 50. Kf4 Nd3+ 51. Kg4 Nf2+ 52.
Kh4 Kf5 53. a4 Ne4 54. a5 Nc5 55. Ne7+ Kf4 56. Nd5+ Kf5 57. Nc7 Nd7 58. a6 Nb6
59. a7 g5+ 60. Kg3 g4 61. h6 1-0

[Event "SVM-Meisterschaft"]
[Site "Oberaussem"]
[Date "1999.05.29"]
[Round "6"]
[White "Gikas Basilius"]
[Black "Telke Holger"]
[Result "0-1"]
[WhiteElo "2165"]
[BlackElo "2050"]
[PlyCount "50"]

1. e4 e6 2. d4 d5 3. Nc3 dxe4 4. Nxe4 Nd7 5. Nf3 Ngf6 6. Nxf6+ Nxf6 7. Bd3 c5
8. dxc5 Bxc5 9. Qe2 Qc7 10. Bd2 O-O 11. h3 b6 12. Bc3 Bb7 13. Be5 Bd6 14. Bxd6
Qxd6 15. Rg1 Qb4+ 16. c3 Qf4 17. Ne5 Rfd8 18. g3 Qa4 19. f3 Rd5 20. Bc2 Qb5 21.
f4 Qc5 22. Rf1 Rad8 23. Rd1 Rxd1+ 24. Bxd1 Ne4 25. Qf3 Qd5 0-1

[Event "SVM-Meisterschaft"]
[Site "Oberaussem"]
[Date "1999.05.29"]
[Round "6"]
[White "Philipowski Robert"]
[Black "Eichhorn Andreas"]
[Result "1-0"]
[WhiteElo "2150"]
[BlackElo "2145"]
[PlyCount "61"]

1. e4 e5 2. Nf3 Nc6 3. Bb5 a6 4. Ba4 Nf6 5. O-O Be7 6. Re1 b5 7. Bb3 d6 8. c3
O-O 9. d4 Bg4 10. Be3 Na5 11. dxe5 Bxf3 12. Qxf3 dxe5 13. Bc2 Nc4 14. Bc1 c5
15. Rd1 Qc7 16. Nd2 Nxd2 17. Bxd2 Nd7 18. a4 bxa4 19. Rxa4 Nb6 20. Ra2 c4 21.
Rda1 Qb7 22. b4 cxb3 23. Bxb3 Kh8 24. Qe2 Rfd8 25. Bxf7 Bc5 26. Bb3 Rf8 27. Be3
Rac8 28. Bxc5 Rxc5 29. Rxa6 Rxc3 30. Qb5 Qc7 31. Rxb6 1-0

[Event "SVM-Meisterschaft"]
[Site "Oberaussem"]
[Date "1999.05.29"]
[Round "6"]
[White "Ljuboschitz Dr. Alexander"]
[Black "Tochtenhagen Wolfgang"]
[Result "1/2-1/2"]
[WhiteElo "2125"]
[BlackElo "2085"]
[PlyCount "52"]

1. e4 c5 2. Nf3 Nc6 3. d4 cxd4 4. Nxd4 g6 5. Nc3 Bg7 6. Be3 Nf6 7. Be2 O-O 8.
f4 d5 9. e5 Ne8 10. Bf3 Nc7 11. Qd2 e6 12. O-O-O Na5 13. b3 a6 14. Na4 Nc6 15.
Nb6 Rb8 16. h4 f6 17. exf6 Qxf6 18. c3 Nb5 19. Kb2 Qe7 20. Nxb5 axb5 21. Bd4
Nxd4 22. cxd4 Qc5 23. Nxc8 Rfxc8 24. Bg4 Rc6 25. Rhe1 Kf7 26. Kb1 Qa7 1/2-1/2

[Event "SVM-Meisterschaft"]
[Site "Oberaussem"]
[Date "1999.05.29"]
[Round "6"]
[White "Koehler Markus"]
[Black "Hund Gerhard"]
[Result "1-0"]
[WhiteElo "2040"]
[BlackElo "1980"]
[PlyCount "89"]

1. e4 c6 2. d4 d5 3. e5 Bf5 4. Nf3 e6 5. Be2 c5 6. O-O Nc6 7. Be3 cxd4 8. Nxd4
Be4 9. Nd2 Bg6 10. f4 Nxd4 11. Bxd4 Ne7 12. g4 Nc6 13. c3 h6 14. Kh1 Nxd4 15.
cxd4 f5 16. exf6 Qxf6 17. f5 exf5 18. gxf5 Bf7 19. Qa4+ Kd8 20. Qa5+ b6 21. Qa6
Bd6 22. Qb7 Rb8 23. Qxa7 Re8 24. Bb5 Re7 25. Qa4 Bh5 26. Rf2 Qh4 27. Raf1 Re1
28. Kg1 Re3 29. Qa7 Bc7 30. Rc1 Qe7 31. Qa4 Rh3 32. Rc3 Qe1+ 33. Bf1 Bxh2+ 34.
Rxh2 Rxh2 35. Kxh2 Qxd2+ 36. Bg2 Qf4+ 37. Rg3 Be8 38. Qa7 h5 39. Qxg7 Qxf5 40.
Rf3 Qe6 41. Rf6 Qe7 42. Qg5 Qc7+ 43. Rd6+ Kc8 44. Qxd5 Qf7 45. Rd8+ 1-0

[Event "SVM-Meisterschaft"]
[Site "Oberaussem"]
[Date "1999.05.29"]
[Round "6"]
[White "Fuhs Juergen"]
[Black "Mueller Dieter"]
[Result "1/2-1/2"]
[WhiteElo "2020"]
[BlackElo "2080"]
[PlyCount "38"]

1. e4 e6 2. d4 d5 3. Nc3 dxe4 4. Nxe4 Bd7 5. Nf3 Bc6 6. Bd3 Nd7 7. O-O Ngf6 8.
Qe2 Nxe4 9. Bxe4 Bxe4 10. Qxe4 c6 11. c4 Nf6 12. Qe2 Be7 13. Bf4 O-O 14. h3 Bd6
15. Bxd6 Qxd6 16. Rfd1 Rfd8 17. Ne5 c5 18. dxc5 Qxc5 19. b3 Qc7 1/2-1/2

[Event "SVM-Meisterschaft"]
[Site "Oberaussem"]
[Date "1999.05.29"]
[Round "6"]
[White "Gorzan Ramin"]
[Black "Schulz Wilhelm"]
[Result "1/2-1/2"]
[WhiteElo "1975"]
[BlackElo "2070"]
[PlyCount "25"]

1. c4 e6 2. d3 d5 3. Nd2 Nf6 4. Ngf3 Nbd7 5. g3 b6 6. Bg2 Bb7 7. O-O Be7 8. Rb1
c5 9. a3 O-O 10. b4 Qc7 11. bxc5 Nxc5 12. Bb2 Nfd7 13. Qc2 1/2-1/2

[Event "SVM-Meisterschaft"]
[Site "Oberaussem"]
[Date "1999.05.29"]
[Round "6"]
[White "Scharff Klaus"]
[Black "Boutko Dimitri"]
[Result "0-1"]
[WhiteElo "1970"]
[BlackElo "2025"]
[PlyCount "48"]

1. d4 Nf6 2. c4 g6 3. Nc3 Bg7 4. e4 d6 5. f4 O-O 6. Nf3 c5 7. d5 e6 8. dxe6
fxe6 9. Bd3 Nc6 10. O-O Nd4 11. Be3 Ng4 12. Qd2 Nxf3+ 13. Rxf3 Nxe3 14. Rxe3
Bd4 15. Kh1 Bxe3 16. Qxe3 Qf6 17. Rf1 Bd7 18. h3 Qg7 19. Qe2 Rf7 20. Nd1 Raf8
21. Qe3 Qh6 22. g3 Qxh3+ 23. Kg1 e5 24. Nf2 exf4 0-1

[Event "SVM-Meisterschaft"]
[Site "Oberaussem"]
[Date "1999.05.29"]
[Round "6"]
[White "Vossen Peter"]
[Black "Raupach Gregor"]
[Result "1/2-1/2"]
[WhiteElo "2000"]
[BlackElo "1920"]
[PlyCount "75"]

1. d4 Nf6 2. c4 e6 3. Nc3 d5 4. Bg5 Be7 5. e3 O-O 6. Nf3 c5 7. dxc5 Nbd7 8.
cxd5 Nxd5 9. Bxe7 Qxe7 10. Nxd5 exd5 11. Qxd5 Nxc5 12. Be2 Be6 13. Qe5 f6 14.
Qh5 Rfd8 15. O-O Rd5 16. Qh4 g5 17. Qb4 a5 18. Qa3 Qe8 19. Rad1 b5 20. b3 b4
21. Qb2 Ne4 22. Bc4 Rxd1 23. Bxe6+ Qxe6 24. Rxd1 Rc8 25. h3 Nc3 26. Rd2 g4 27.
hxg4 Qxg4 28. Rd4 Qe6 29. Qd2 Rc7 30. Kf1 Kf7 31. Rd6 Qf5 32. Qd3 Qxd3+ 33.
Rxd3 Nxa2 34. Nd4 Nc1 35. Rd2 Rc3 36. Rb2 Rd3 37. g3 Rc3 38. Rb1 1/2-1/2

[Event "SVM-Meisterschaft"]
[Site "Oberaussem"]
[Date "1999.05.30"]
[Round "7"]
[White "Telke Holger"]
[Black "Fuhs Juergen"]
[Result "1-0"]
[WhiteElo "2050"]
[BlackElo "2020"]
[PlyCount "99"]

1. d4 Nf6 2. Nf3 e6 3. e3 b6 4. c4 Bb7 5. a3 Be7 6. Nc3 d5 7. cxd5 exd5 8. Bb5+
c6 9. Bd3 O-O 10. O-O Re8 11. Ne5 Qc8 12. Qc2 Ba6 13. Bf5 Qd8 14. Rd1 Bd6 15.
f4 g6 16. Bd3 Bxd3 17. Qxd3 Qc8 18. Bd2 Qe6 19. Rf1 Ne4 20. Nxe4 dxe4 21. Qc2
Bf8 22. Rac1 Rc8 23. f5 gxf5 24. g4 f6 25. gxf5 Qd5 26. Ng4 Kf7 27. Rf4 Re8 28.
Nf2 Bd6 29. Rxe4 Rg8+ 30. Rg4 Rxg4+ 31. Nxg4 h5 32. e4 Qb5 33. Nf2 c5 34. Qc4+
Qxc4 35. Rxc4 cxd4 36. Rxd4 Be5 37. Rd8 Bxb2 38. Bf4 Bxa3 39. Rxb8 Rxb8 40.
Bxb8 a5 41. Nd3 b5 42. Bc7 a4 43. Ba5 Bd6 44. Nb4 a3 45. Na2 Ke7 46. h3 Kd7 47.
Kf1 Bc5 48. Ke2 Kd6 49. Kd3 Kc6 50. Bb4 1-0

[Event "SVM-Meisterschaft"]
[Site "Oberaussem"]
[Date "1999.05.30"]
[Round "7"]
[White "Philipowski Robert"]
[Black "Koehler Markus"]
[Result "1/2-1/2"]
[WhiteElo "2150"]
[BlackElo "2040"]
[PlyCount "68"]

1. e4 c5 2. Nf3 Nc6 3. Bb5 g6 4. O-O Bg7 5. Nc3 Nf6 6. e5 Ng4 7. Bxc6 dxc6 8.
Re1 Qc7 9. Qe2 b6 10. d3 Nh6 11. h3 Nf5 12. Qe4 h5 13. Bf4 Be6 14. a3 Qd7 15.
b4 Nd4 16. Rec1 Bd5 17. Nxd5 cxd5 18. Qe3 Nxf3+ 19. Qxf3 Rc8 20. Qe3 d4 21. Qd2
O-O 22. Re1 cxb4 23. axb4 Rc3 24. Bh6 Kh7 25. Bxg7 Kxg7 26. Re4 Rfc8 27. Qf4
Qf5 28. Qxf5 gxf5 29. Rxd4 R8c7 30. Ra2 e6 31. Rc4 R3xc4 32. dxc4 Rxc4 33. Rxa7
Rxb4 34. Rb7 Rc4 1/2-1/2

[Event "SVM-Meisterschaft"]
[Site "Oberaussem"]
[Date "1999.05.30"]
[Round "7"]
[White "Tochtenhagen Wolfgang"]
[Black "Gikas Basilius"]
[Result "1/2-1/2"]
[WhiteElo "2085"]
[BlackElo "2165"]
[PlyCount "23"]

1. e4 c5 2. Nc3 e6 3. g3 d5 4. d3 Nf6 5. Bg2 dxe4 6. dxe4 Qxd1+ 7. Nxd1 Nc6 8.
Ne3 Bd7 9. f4 h5 10. h3 O-O-O 11. Bd2 g6 12. O-O-O 1/2-1/2

[Event "SVM-Meisterschaft"]
[Site "Oberaussem"]
[Date "1999.05.30"]
[Round "7"]
[White "Eichhorn Andreas"]
[Black "Ljuboschitz Alexander"]
[Result "1/2-1/2"]
[WhiteElo "2145"]
[BlackElo "2125"]
[PlyCount "95"]

1. d4 Nf6 2. c4 g6 3. f3 Bg7 4. e4 d6 5. Nc3 O-O 6. Be3 Nbd7 7. Qd2 c5 8. Nge2
a6 9. Rd1 Qa5 10. Nd5 Qxd2+ 11. Rxd2 Nxd5 12. cxd5 c4 13. g4 b5 14. h4 Nb6 15.
h5 Bd7 16. Ng3 Rfc8 17. hxg6 hxg6 18. Rg2 c3 19. b3 c2 20. Bc1 Bxd4 21. Bd3 b4
22. Nf5 Bc3+ 23. Ke2 Kf8 24. Ne3 Bb5 25. Nxc2 Bxd3+ 26. Kxd3 Nd7 27. f4 a5 28.
Nd4 28... Nc5+ {Remisangebot} 29. Ke3 Ke8 30. Rh8+ Kd7 31. Rh7 Bxd4+ 32. Kxd4
Nxb3+ 33. axb3 Rxc1 34. Rxf7 Rac8 35. Rd2 R8c3 36. e5 Rxb3 37. e6+ Kd8 38. Rf8+
Kc7 39. Re8 Kb6 40. Rxe7 Kb5 41. Rb7+ Ka6 42. Rb8 Rf1 43. Rf8 Re1 44. f5 g5 45.
f6 Rg1 46. Re2 Rd1+ 47. Ke4 Rf1 48. Kd4 1/2-1/2

[Event "SVM-Meisterschaft"]
[Site "Oberaussem"]
[Date "1999.05.30"]
[Round "7"]
[White "Mueller Dieter"]
[Black "Hund Gerhard"]
[Result "1-0"]
[WhiteElo "2080"]
[BlackElo "1980"]
[PlyCount "157"]

1. e4 c5 2. c3 e6 3. d4 d5 4. e5 Qd7 5. Bd3 b6 6. Qe2 Nc6 7. Be3 Bb7 8. a3 Rc8
9. Nd2 f6 10. f4 f5 11. g4 fxg4 12. h3 g3 13. Ngf3 c4 14. Bc2 Be7 15. Ng5 Bxg5
16. fxg5 Nge7 17. Qg4 Nf5 18. Bxf5 exf5 19. Qxg3 O-O 20. Bf4 Rce8 21. Nf3 Nd8
22. O-O Ne6 23. Nh4 g6 24. Ng2 Bc6 25. h4 Ba4 26. Ne3 Re7 27. Qf3 Rd8 28. Rf2
Ng7 29. Raf1 Bc6 30. Bh2 Ne6 31. Bf4 Rf7 32. Bh2 Rdf8 33. Bf4 Ng7 34. Re1 Ne6
35. Rfe2 a5 36. Rh2 Rg7 37. Rf2 b5 38. Nc2 Rb8 39. Ra1 Qb7 40. Qe3 Re8 41. Rh2
Qb6 42. Kg2 Bb7 43. Kg3 Rge7 44. Rah1 Ng7 45. Re1 Nh5+ 46. Kf3 Qc6 47. Kf2 Re6
48. Kf3 R8e7 49. Rhe2 Ng7 50. Kg3 Ne8 51. Qd2 Nc7 52. Ra1 Qe8 53. Ree1 Na6 54.
Qf2 Bc6 55. Bd2 Rf7 56. Qf4 Nb8 57. Rf1 Nd7 58. Rae1 Nf8 59. Qf2 Ree7 60. Bf4
Ne6 61. Qd2 Rb7 62. Ra1 Rb8 63. Ra2 Rfb7 64. Rfa1 Qf8 65. Kf3 Qd8 66. Rh1 Be8
67. Kg3 Qe7 68. Ne3 Bc6 69. Nc2 Rd8 70. Rh2 Kh8 71. Ra1 Rg8 72. Rah1 h6 73. h5
gxh5 74. Rxh5 Rg6 75. Rxh6+ Rxh6 76. Rxh6+ Kg8 77. Qh2 Kf7 78. Qh5+ Kg8 79.
Rh8+ 1-0

[Event "SVM-Meisterschaft"]
[Site "Oberaussem"]
[Date "1999.05.30"]
[Round "7"]
[White "Boutko Dimitri"]
[Black "Gorzan Ramin"]
[Result "0-1"]
[WhiteElo "2025"]
[BlackElo "1975"]
[PlyCount "50"]

1. e4 c5 2. Nf3 d6 3. d4 cxd4 4. Nxd4 Nf6 5. Nc3 a6 6. Be2 e5 7. Nb3 Be7 8. O-O
O-O 9. Kh1 Be6 10. f4 exf4 11. Bxf4 Nc6 12. Qe1 Ne5 13. Qg3 Qc7 14. Nd4 Rfe8
15. Bxe5 dxe5 16. Nf5 Bxf5 17. Rxf5 g6 18. Raf1 Qc6 19. Rxe5 Bb4 20. Rxe8+ Rxe8
21. e5 Bxc3 22. bxc3 Nd7 23. Bf3 Qb5 24. Re1 Rxe5 25. Rxe5 Qf1# 0-1

[Event "SVM-Meisterschaft"]
[Site "Oberaussem"]
[Date "1999.05.30"]
[Round "7"]
[White "Scharff Klaus"]
[Black "Vossen Peter"]
[Result "1/2-1/2"]
[WhiteElo "1970"]
[BlackElo "2000"]
[PlyCount "159"]

1. Nf3 c5 2. g3 d5 3. Bg2 Nc6 4. d4 e6 5. O-O Nf6 6. c3 Bd6 7. Nbd2 O-O 8. dxc5
Bxc5 9. Nb3 Bb6 10. Qc2 Qe7 11. Nh4 Rd8 12. Bg5 h6 13. Bd2 Bd7 14. Rad1 Rac8
15. Qb1 Ne5 16. Nd4 Nc4 17. Bc1 Nd6 18. h3 Nfe4 19. e3 Ba4 20. Rde1 Qf6 21. Kh2
e5 22. Ne2 Bb5 23. Nf3 Nc5 24. Nfg1 Nd3 25. Rd1 Nxc1 26. Rxc1 e4 27. b3 Bd3 28.
Qb2 Ba5 29. Qd2 Nb5 30. b4 Bb6 31. a4 Nd6 32. h4 Nc4 33. Qa2 Ne5 34. Nh3 Nf3+
35. Kh1 g5 36. h5 Bc7 37. Rfd1 Bxe2 38. Qxe2 Ne5 39. c4 Nxc4 40. Bxe4 dxe4 41.
Rxd8+ Rxd8 42. Rxc4 Bd6 43. Rxe4 Qf5 44. Rg4 Bxb4 45. e4 Qd7 46. Kg2 Qd1 47.
Qxd1 Rxd1 48. e5 Bf8 49. Re4 Ra1 50. f4 gxf4 51. Nxf4 a6 52. Nd5 Bg7 53. Kf3 b5
54. axb5 axb5 55. Kg4 Ra4 56. Kf4 Rxe4+ 57. Kxe4 Kf8 58. g4 Kg8 59. Nf6+ Kf8
60. Kd5 Ke7 61. Ne4 b4 62. Nd2 Kd7 63. Nb3 Bf8 64. Ke4 Be7 65. Kd5 Bf8 66. Nd4
Be7 67. Ke4 Bg5 68. Kd3 Bf4 69. Ke4 Bg5 70. Kd5 Be7 71. Kc4 Bf8 72. Kb3 Bc5 73.
Kc4 Be7 74. Kd5 Bf8 75. Nb3 Be7 76. Ke4 Bf8 77. Kf5 Be7 78. Nd4 Bh4 79. Ke4 Be7
80. Kd5 1/2-1/2